书目信息 |
| 题名: |
安全生产法律法规
|
|
| 作者: | 王玉庄 , 刘文龙 主编 | |
| 分册: | ||
| 出版信息: | 北京 中国劳动出版社 2010.05 |
|
| 页数: | 211页 | |
| 开本: | 20cm | |
| 丛书名: | ||
| 单 册: | ||
| 中图分类: | D922.541 | |
| 科图分类: | ||
| 主题词: | 法律--中国 | |
| 电子资源: | ||
| ISBN: | 978-7-5045-8311-6 | |
| 000 | 00637nam0 2200205 45 | |
| 001 | 2033974985 | |
| 005 | 20201029092711.45 | |
| 010 | @a978-7-5045-8311-6@dRMB 26.00 | |
| 100 | @a20201029d2010 km y0chiy0120 ea | |
| 101 | 0 | @achi |
| 102 | @aCN@b110000 | |
| 200 | 1 | @a安全生产法律法规@Aan quan sheng chan fa lu fa gui@f王玉庄, 刘文龙主编@Fwang yu zhuang,liu wen long zhu bian |
| 210 | @a北京@c中国劳动出版社@d2010.05 | |
| 215 | @a211页@d20cm | |
| 606 | 0 | @a法律@x中国 |
| 690 | @aD922.541@v4 | |
| 701 | 0 | @a王玉庄@Awang yu zhuang@4主编 |
| 701 | 0 | @a刘文龙@Aliu wen long@4主编 |
| 801 | 0 | @aCN@bPFT@c20201029 |
| 905 | @a10447@dD922.541@eW449 | |
| 安全生产法律法规/王玉庄, 刘文龙主编.-北京:中国劳动出版社,2010.05 |
| 211页;20cm |
| ISBN 978-7-5045-8311-6:RMB 26.00 |
| ● |
| 相关链接 |
|
|
|
正题名:安全生产法律法规
索取号:D922.541/W449
 
预约/预借
| 序号 | 登录号 | 条形码 | 馆藏地/架位号 | 状态 | 备注 |
| 1 | 1500509 | 215005090 | 社科库509/509社科库 89排8列5层/ [索取号:D922.541/W449] | 在馆 |